Дело о смерти профессора А.-Ф. Клейнера

Доступно только в Электронных читальных залах Найти на картеНа карте
RUSMARC
00004369nmc2a2200000 x 450
001b683523e-1b12-4b96-8ac4-190c23866f75
00520171009122920.0
100##$a20140513l18341834k l0rusy0189 ca
1010#$arus
102##$aRU
2001#$aДело о смерти профессора А.-Ф. Клейнера
$j11 марта - 30 апреля 1834 г.
251##$cДело
300##$aДело
300##$aОриг. заголовок дела: Дело по представлению попечителя Дерптского учебного округа, о смерти профессора Дерптского университета Клейнерта. Тутже о единовременной выдаче вдове и малолетней дочери профессора Клейнерта по 5 тысяч рублей каждой. 11 марта 1834 г. - 30 апреля 1834 г
801#0$aRU
$bРГИА
$c20140513
$gRCR
801#1$aRU
$bГлавНИВЦ
$c20140513
$2rusmarc
801#2$aRU
$bПБ им. Б.Н. Ельцина
$c20171009
$gRCR
$2rusmarc
850##$aРГИА
852##$aРГИА
$eФедеральное казенное учреждение "Российский государственный исторический архив" (РГИА)
$j587
937##$hРГИА
$d11175607
$aASBIBLIO_SCAN
462#0$10015faafd89-1df2-4e8f-a0ba-1d8a620713c6
$12001
$aДела Департамента народного просвещения по Дерптскому учебному округу за 1802-1836 гг.
$1251
$cОпись
$1852
$j56
461#0$1001a74412a3-3cc5-4d21-8f0a-dfe2fbd9e72d
$12001
$aДепартамент народного просвещения Министерства народного просвещения (1803-1917)
$1251
$cФонд
$1852
$j733
215##$a12 л.
$d36,5х26 см
371##$aДокумент не является опубликованным и широко распространяемым
105##$ay###
1222#$ad
5171#$aДело по представлению попечителя Дерптского учебного округа, о смерти профессора Дерптского университета Клейнерта. Тутже о единовременной выдаче вдове и малолетней дочери профессора Клейнерта по 5 тысяч рублей каждой. 11 марта 1834 г. - 30 апреля 1834 г
035##$ab683523e-1b12-4b96-8ac4-190c23866f75
856##$uhttp://readingroom.main.prlib.ru/item.aspx?id_node=n106587831&mode=full
Формат отображения